000 00545nam a22002177a 4500
003 OSt
005 20140310182808.0
008 130216t xxu||||| |||| 00| 0 eng d
020 _a0500019967
050 _aN 72
_b.M958 2000
082 _2M 743
_bM91 2000
245 _aArt and fashion
_cMüller, Florence
260 _aLondon
_bThames & Hudson
_cc2000
300 _a79p.
_c21cm.
_bill. (some col.)
521 _acollege students
526 _c1210L-1700L
541 _j1
541 _j2
562 _e2
942 _2lcc
_cBK
_kM
999 _c16123
_d16123